[Event "FIDE World Bl Team Final"]
[Site "Almaty KAZ"]
[Date "2024.08.05"]
[Round "1.2"]
[White "Yakubboev, Nodirbek"]
[Black "Jacobson, Brandon"]
[Result "0-1"]
[WhiteTitle "GM"]
[BlackTitle "GM"]
[WhiteElo "2655"]
[BlackElo "2575"]
[WhiteTeam "Royal Chess"]
[BlackTeam "GMHans.com"]
[WhiteFideId "14203987"]
[BlackFideId "30901561"]
[EventDate "2024.08.05"]

1. d4 Nf6 2. Nf3 d5 3. c4 e6 4. Nc3 Nbd7 5. Qc2 dxc4 6. e4 c5 7. Bxc4 cxd4 8.
Nxd4 Ne5 9. Bb5+ Bd7 10. Qe2 Bb4 11. O-O O-O 12. Rd1 Qa5 13. Bxd7 Nfxd7 14. Nb3
Qb6 15. Be3 Qa6 16. Qxa6 bxa6 17. Na4 Nf6 18. Bd4 Nc4 19. Rac1 Rfc8 20. Nac5
Bxc5 21. Nxc5 Nb6 22. Bxf6 gxf6 23. Nxa6 Na4 24. g3 Nxb2 25. Rxc8+ Rxc8 26. Rd7
Rc1+ 27. Kg2 Rc2 28. Nc7 Nc4 29. Ne8 f5 30. exf5 exf5 31. Rxa7 Ne3+ 32. Kf3 Ng4
33. Kf4 Rxf2+ 34. Kg5 h6+ 35. Kh4 0-1

[Event "FIDE World Bl Team Final"]
[Site "Almaty KAZ"]
[Date "2024.08.05"]
[Round "1.2"]
[White "Dardha, Daniel"]
[Black "Vakhidov, Jakhongir"]
[Result "1-0"]
[WhiteTitle "GM"]
[BlackTitle "GM"]
[WhiteElo "2608"]
[BlackElo "2571"]
[WhiteTeam "GMHans.com"]
[BlackTeam "Royal Chess"]
[WhiteFideId "240990"]
[BlackFideId "14201801"]
[EventDate "2024.08.05"]

1. d4 Nf6 2. Bg5 d5 3. e3 Nbd7 4. Nd2 e5 5. dxe5 Nxe5 6. Ngf3 Nxf3+ 7. Nxf3 Be7
8. Be2 O-O 9. O-O h6 10. Bh4 Bg4 11. c4 c6 12. Nd4 Bxe2 13. Qxe2 dxc4 14. Nf5
Qd7 15. Nxe7+ Qxe7 16. Qxc4 Qe4 17. Qxe4 Nxe4 18. f3 Ng5 19. Rfd1 Rfe8 20. e4
Ne6 21. Rd6 a5 22. Bf2 a4 23. Rd7 b5 24. a3 Red8 25. Rad1 Rxd7 26. Rxd7 Rd8 27.
Rxd8+ Nxd8 28. f4 f6 29. Bb6 Nb7 30. Kf2 Nd6 31. Kf3 Nc4 32. Bd4 h5 33. h3 Kf7
34. g4 hxg4+ 35. hxg4 Ke6 36. g5 fxg5 37. f5+ Kf7 38. Kg4 c5 39. Bxc5 Nxb2 40.
e5 Nd3 41. e6+ Ke8 42. Bd4 b4 43. axb4 Nxb4 44. Bxg7 Nd5 45. Kxg5 a3 46. f6 Nxf6
47. Kxf6 a2 48. Kf5 Ke7 49. Be5 Ke8 50. Kf6 Kf8 51. e7+ Ke8 52. Ba1 1-0

[Event "FIDE World Bl Team Final"]
[Site "Almaty KAZ"]
[Date "2024.08.05"]
[Round "1.2"]
[White "Nurman, Alua"]
[Black "Salimova, Nurgyul"]
[Result "0-1"]
[WhiteTitle "WIM"]
[BlackTitle "IM"]
[WhiteElo "2324"]
[BlackElo "2412"]
[WhiteTeam "Royal Chess"]
[BlackTeam "GMHans.com"]
[WhiteFideId "13729390"]
[BlackFideId "2915138"]
[EventDate "2024.08.05"]

1. e4 e5 2. Nf3 Nc6 3. Bb5 d6 4. c3 Bd7 5. O-O Nge7 6. d4 Ng6 7. Re1 Be7 8. Be3
O-O 9. Bf1 Bf6 10. h3 Re8 11. Nbd2 a6 12. dxe5 Ncxe5 13. Nd4 c5 14. N4f3 Bc6 15.
Nxe5 Bxe5 16. Qc2 Qf6 17. g3 Qd8 18. Bg2 h5 19. Nc4 h4 20. Nxe5 Nxe5 21. g4 Nc4
22. Bf4 Qf6 23. Bh2 Rad8 24. Re2 Ne5 25. f4 Ng6 26. g5 Qe7 27. Rae1 Bb5 28. c4
Bc6 29. a3 b5 30. b3 bxc4 31. bxc4 Nf8 32. Re3 Ne6 33. Qf2 Nd4 34. Rb1 Rb8 35.
Rxb8 Rxb8 36. Qxh4 Rb1+ 37. Re1 Bxe4 38. Rxb1 Bxb1 39. Qf2 Bd3 40. Bd5 g6 41.
Qd2 Bf5 42. Kf2 Kg7 43. h4 Be6 44. Bg3 Bxd5 45. cxd5 Qe4 46. Qe3 Qc2+ 47. Kf1
Qb1+ 48. Kg2 Qc2+ 49. Kh3 Nf5 50. Qf3 Qc1 51. h5 gxh5 52. Bf2 Qf1+ 53. Kh2 Kg6
54. a4 c4 55. a5 c3 56. Qg2 Qxg2+ 57. Kxg2 c2 0-1

[Event "FIDE World Bl Team Final"]
[Site "Almaty KAZ"]
[Date "2024.08.05"]
[Round "1.2"]
[White "Mero, Aghiad."]
[Black "Khassenov, Mansur"]
[Result "1-0"]
[WhiteElo "1817"]
[BlackElo "1982"]
[WhiteTeam "GMHans.com"]
[BlackTeam "Royal Chess"]
[WhiteFideId "7608420"]
[BlackFideId "13768700"]
[EventDate "2024.08.05"]

1. b3 d6 2. Bb2 Nf6 3. e3 g6 4. Bxf6 exf6 5. c4 Bg7 6. Nc3 O-O 7. g3 Nc6 8. Bg2
Bd7 9. Nge2 a5 10. O-O Qc8 11. Rb1 Bf5 12. d3 Nb4 13. Nc1 Bg4 14. Qd2 Re8 15. a3
Nc6 16. b4 axb4 17. axb4 Qd7 18. d4 Bf5 19. Nd3 Bxd3 20. Qxd3 Ra3 21. Qc2 Rea8
22. Nd5 Ra2 23. Rb2 R2a3 24. Rfb1 f5 25. Rb3 Ra2 26. R3b2 R2a3 27. b5 Nxd4 28.
exd4 Bxd4 29. Bf1 c6 30. bxc6 bxc6 31. Rb8+ Rxb8 32. Rxb8+ Kg7 33. Qd2 Qa7 34.
Nb4 Bxf2+ 35. Qxf2 Qxb8 36. Qb2+ f6 37. Qxa3 Qb6+ 38. Kg2 Qd4 39. Qd3 Qc5 40.
Nc2 d5 41. cxd5 cxd5 42. Ne3 d4 43. Nc2 Qd5+ 44. Kg1 f4 45. gxf4 Qc5 46. Nxd4
Qh5 47. Qe3 Qg4+ 48. Kf2 Qh4+ 49. Qg3 Qh5 50. Be2 Qc5 51. Qe3 Qc8 52. Qe7+ Kh6
53. Qxf6 Qh3 54. Qf8# 1-0

[Event "FIDE World Bl Team Final"]
[Site "Almaty KAZ"]
[Date "2024.08.05"]
[Round "2.1"]
[White "Niemann, Hans Moke"]
[Black "Nepomniachtchi, Ian"]
[Result "1-0"]
[WhiteTitle "GM"]
[BlackTitle "GM"]
[WhiteElo "2711"]
[BlackElo "2767"]
[WhiteTeam "GMHans.com"]
[BlackTeam "WR Chess Team"]
[WhiteFideId "2093596"]
[BlackFideId "4168119"]
[EventDate "2024.08.05"]

1. d4 Nf6 2. c4 e6 3. Nf3 d5 4. g3 Be7 5. Bg2 O-O 6. O-O dxc4 7. Qc2 a6 8. a4
Bd7 9. Qxc4 Bc6 10. Bf4 Bd6 11. Qc1 Nbd7 12. Nc3 Nd5 13. Bg5 Qe8 14. Re1 Nxc3
15. bxc3 Be4 16. a5 b5 17. c4 c5 18. Bf4 Qe7 19. Rd1 Bxf4 20. Qxf4 Nf6 21. Ne5
Bxg2 22. Kxg2 cxd4 23. Rxd4 bxc4 24. Rxc4 Qb7+ 25. Nc6 e5 26. Qf3 e4 27. Qa3
Rae8 28. Rd1 e3 29. f3 h6 30. Qb4 Qa8 31. Ne7+ Kh8 32. Rd3 Qa7 33. Nf5 Kh7 34.
Rc6 Rg8 35. Qf4 Qb8 36. Qxb8 Rxb8 37. Rxa6 Rb2 38. Rxe3 Ra2 39. Ra7 Nd5 40. Re5
Nc3 41. Kf2 Rf8 42. Nd6 Rd8 43. Nxf7 Rdd2 44. Rae7 Nd1+ 45. Ke1 Rdb2 46. Nd6 Rb1
47. Rb7 Rba1 48. Ree7 Kg6 49. Rxg7+ Kf6 50. Ne4+ Ke5 51. Rb5+ Kd4 52. Rd7+ Kc4
53. Rc5+ Kb4 54. Rxd1 1-0

[Event "FIDE World Bl Team Final"]
[Site "Almaty KAZ"]
[Date "2024.08.05"]
[Round "2.1"]
[White "Duda, Jan-Krzysztof"]
[Black "Tabatabaei, M. Amin"]
[Result "1-0"]
[WhiteTitle "GM"]
[BlackTitle "GM"]
[WhiteElo "2733"]
[BlackElo "2712"]
[WhiteTeam "WR Chess Team"]
[BlackTeam "GMHans.com"]
[WhiteFideId "1170546"]
[BlackFideId "12521213"]
[EventDate "2024.08.05"]

1. Nf3 d5 2. g3 c5 3. Bg2 Nc6 4. d4 Nf6 5. O-O e6 6. c4 dxc4 7. Qa4 Bd7 8. Qxc4
b5 9. Qd3 c4 10. Qd1 Rc8 11. Bf4 Be7 12. Nc3 a6 13. a3 O-O 14. e4 Na5 15. Qc2
Qb6 16. Rad1 h6 17. d5 Bc5 18. d6 Bc6 19. e5 Nd5 20. Nxd5 Bxd5 21. Rxd5 exd5 22.
Qf5 Nc6 23. Qg4 Kh7 24. Qh5 Rce8 25. Ng5+ Kg8 26. Nxf7 Rxf7 27. Bxd5 Nd8 28. Qg6
Qa7 29. Be4 Kf8 30. Qh7 Rxf4 31. Bd5 Ne6 32. gxf4 Qf7 33. f5 Qh5 34. Qh8+ Kf7
35. fxe6+ Rxe6 36. Bxe6+ Kxe6 37. Qc8+ Kd5 38. Qb7+ Kxe5 39. d7 Qg4+ 40. Kh1 Be7
41. Re1+ Kf6 42. Qc6+ Kf7 43. Qd5+ Kf6 44. Qe5+ 1-0

[Event "FIDE World Bl Team Final"]
[Site "Almaty KAZ"]
[Date "2024.08.05"]
[Round "2.1"]
[White "Jacobson, Brandon"]
[Black "Praggnanandhaa, R"]
[Result "0-1"]
[WhiteTitle "GM"]
[BlackTitle "GM"]
[WhiteElo "2575"]
[BlackElo "2749"]
[WhiteTeam "GMHans.com"]
[BlackTeam "WR Chess Team"]
[WhiteFideId "30901561"]
[BlackFideId "25059530"]
[EventDate "2024.08.05"]

1. Nf3 Nf6 2. c4 e6 3. Nc3 Bb4 4. Qc2 O-O 5. a3 Bxc3 6. Qxc3 d6 7. e3 e5 8. d3
a5 9. b3 Re8 10. Be2 Nc6 11. Bb2 d5 12. cxd5 Nxd5 13. Qc2 Qd6 14. O-O Qg6 15.
Rfc1 Bg4 16. Qd1 Rad8 17. Rxc6 bxc6 18. Nxe5 Bxe2 19. Qxe2 Qe6 20. Rc1 Ne7 21.
Nc4 Ng6 22. Qc2 Rd5 23. Nd2 c5 24. Nf3 Qd7 25. Qc3 f6 26. Qc4 Kh8 27. Ne1 h6 28.
h3 Rb8 29. Bc3 Ne5 30. Bxe5 Rxe5 31. Qc3 a4 32. bxa4 Qxa4 33. Nf3 Rd5 34. Re1
Rb3 35. Qc1 Qxa3 36. Qc4 Rbxd3 37. Qe4 Qb4 38. Qe8+ Kh7 39. Kh2 Rd8 40. Qf7 R3d7
41. Qe6 c4 42. Rc1 c3 43. Qf5+ Kh8 44. Qe6 c5 45. Rc2 Qb8+ 46. g3 Qd6 47. Qe4
Qd3 48. Qxd3 Rxd3 49. Kg2 c4 50. Ne1 Rc8 51. Kf3 Rd1 52. Ng2 Rd3 53. Nf4 Kh7 54.
Ke4 Rd2 55. Rxc3 Rxf2 56. g4 Re8+ 57. Kd5 Rd2+ 58. Kc6 Rc8+ 59. Kb7 Rc5 60. Ne6
Re5 61. Nd4 Rd3 62. Rxc4 Rexe3 63. Nf5 Rb3+ 64. Kc8 Rec3 0-1

[Event "FIDE World Bl Team Final"]
[Site "Almaty KAZ"]
[Date "2024.08.05"]
[Round "2.1"]
[White "Abdusattorov, Nodirbek"]
[Black "Dardha, Daniel"]
[Result "1-0"]
[WhiteTitle "GM"]
[BlackTitle "GM"]
[WhiteElo "2762"]
[BlackElo "2608"]
[WhiteTeam "WR Chess Team"]
[BlackTeam "GMHans.com"]
[WhiteFideId "14204118"]
[BlackFideId "240990"]
[EventDate "2024.08.05"]

1. d4 Nf6 2. Nf3 b6 3. e3 Bb7 4. Bd3 c5 5. O-O g6 6. c4 cxd4 7. exd4 Bg7 8. Nc3
O-O 9. d5 e6 10. Bg5 h6 11. Bh4 Na6 12. Be2 exd5 13. Nxd5 Nc5 14. Nd4 Re8 15.
Bf3 Bxd5 16. cxd5 g5 17. Bg3 Nfe4 18. Nb5 Nxg3 19. fxg3 Qf6 20. Bh5 Qxb2 21.
Bxf7+ Kh8 22. Rb1 Qxa2 23. d6 Qe2 24. Bxe8 Rxe8 25. Qxe2 Rxe2 26. Rbe1 Rb2 27.
Nxa7 Bd4+ 28. Kh1 Nd3 29. Re8+ Kg7 30. h3 b5 31. Re7+ Kg6 32. Rxd7 Nf2+ 33. Kh2
Ne4 34. Nc6 Bf6 35. Ne7+ Kf7 36. Nd5+ Ke6 37. Nxf6 Nxf6 38. Rb7 b4 39. Re1+ Kxd6
40. Rb6+ Kd5 41. Rxf6 b3 42. Rxh6 Rd2 43. Rb6 b2 44. Rb1 1-0

[Event "FIDE World Bl Team Final"]
[Site "Almaty KAZ"]
[Date "2024.08.05"]
[Round "2.1"]
[White "Salimova, Nurgyul"]
[Black "Hou, Yifan"]
[Result "1/2-1/2"]
[WhiteTitle "IM"]
[BlackTitle "GM"]
[WhiteElo "2412"]
[BlackElo "2633"]
[WhiteTeam "GMHans.com"]
[BlackTeam "WR Chess Team"]
[WhiteFideId "2915138"]
[BlackFideId "8602980"]
[EventDate "2024.08.05"]

1. d4 e6 2. Nf3 Nf6 3. Bf4 b6 4. e3 Bb7 5. h3 c5 6. Nbd2 Nc6 7. c3 d5 8. Ne5
Nxe5 9. Bxe5 Nd7 10. Bg3 Be7 11. Bd3 O-O 12. Nf3 Qc8 13. Qe2 a5 14. O-O Ba6 15.
Rfe1 Bxd3 16. Qxd3 c4 17. Qc2 f5 18. Nh2 Qc6 19. f3 Nf6 20. Be5 Bd6 21. Bxf6
Rxf6 22. f4 h6 23. g4 g5 24. gxf5 exf5 25. Kh1 gxf4 26. exf4 Bxf4 27. Nf3 Kh8
28. Rg1 Qe8 29. Rae1 Qh5 30. Qg2 Rg6 31. Qf1 Rag8 32. Rxg6 Qxg6 33. Re2 Qg3 34.
Rf2 Be3 35. Re2 f4 36. Qg2 Qxg2+ 37. Rxg2 Rxg2 38. Kxg2 Bc1 39. b3 cxb3 40. axb3
Bb2 41. Nh4 Bxc3 42. Ng6+ Kg7 43. Nxf4 Bxd4 44. Ne6+ Kf6 45. Nxd4 Ke5 46. Nc6+
Ke4 47. Kf2 Kd3 48. Kf3 d4 49. Ne5+ Kc3 50. Ke4 Kxb3 51. Kxd4 b5 52. Nd7 a4 53.
Nc5+ Kb2 54. Nd3+ Kb3 55. Nc5+ Kc2 56. Na6 a3 57. Nb4+ Kb3 58. Kc5 a2 59. Nxa2
Kxa2 60. Kxb5 Kb3 61. Kc5 Kc3 62. Kd5 Kd3 63. Ke5 Ke3 64. Kf5 Kd4 65. h4 Kd5 66.
h5 Kd6 67. Kf6 Kd7 68. Kf7 Kd6 69. Kf8 Ke6 70. Kg7 Ke7 71. Kxh6 Kf6 1/2-1/2

[Event "FIDE World Bl Team Final"]
[Site "Almaty KAZ"]
[Date "2024.08.05"]
[Round "2.1"]
[White "Yu, Yangyi"]
[Black "Andreikin, Dmitry"]
[Result "1/2-1/2"]
[WhiteTitle "GM"]
[BlackTitle "GM"]
[WhiteElo "2703"]
[BlackElo "2729"]
[WhiteTeam "Decade China Team"]
[BlackTeam "Al-Ain ACMG UAE"]
[WhiteFideId "8603820"]
[BlackFideId "4158814"]
[EventDate "2024.08.05"]

1. e4 c5 2. Nf3 Nc6 3. Nc3 e6 4. d4 cxd4 5. Nxd4 a6 6. Bf4 d6 7. Nxc6 bxc6 8.
Qd2 Be7 9. Bc4 e5 10. Be3 Nf6 11. h3 Be6 12. Bxe6 fxe6 13. O-O O-O 14. Rad1 d5
15. Bg5 Bb4 16. Qd3 Qa5 17. Bxf6 Rxf6 18. a3 Bxc3 19. Qxc3 Qxc3 20. bxc3 Rb8 21.
Rb1 Rb5 22. c4 Rc5 23. cxd5 exd5 24. Rb8+ Kf7 25. Rb7+ Kg6 26. Re7 dxe4 27. Rc1
h5 28. c4 Rd6 29. h4 Rd4 30. Ra7 Rdxc4 31. Rxc4 Rxc4 32. Rxa6 Kf5 33. Ra7 g6 34.
a4 e3 35. fxe3 Rxh4 36. a5 Ra4 37. Rc7 Rxa5 38. Rxc6 g5 39. Rc4 Ra2 40. Kf1 g4
41. g3 Rh2 42. e4+ Kg5 43. Rc5 Kf6 44. Rc6+ Ke7 45. Rh6 Kf7 46. Rh7+ Kf6 47.
Rh6+ Kf7 48. Rh7+ Kg6 49. Re7 Kf6 50. Rh7 Ra2 51. Rxh5 Ra4 52. Rh6+ Kg5 53. Rh8
Rxe4 54. Rg8+ Kf5 55. Rf8+ Ke6 56. Re8+ Kf7 57. Ra8 Re3 58. Kf2 Rf3+ 59. Kg2 Ke6
60. Rg8 e4 61. Rxg4 Ke5 62. Rg8 Kd4 63. Rd8+ Ke3 64. g4 Rf2+ 65. Kg3 Rf1 66. g5
Rg1+ 67. Kh4 Kf3 68. Rf8+ Ke2 69. Kh5 e3 70. g6 Kd2 71. Rd8+ Ke1 72. Re8 e2 73.
Kh6 Kd2 74. g7 e1=Q 75. Rxe1 Rxe1 76. g8=Q Rh1+ 77. Kg7 Rg1+ 78. Kh8 Rxg8+ 79.
Kxg8 1/2-1/2

[Event "FIDE World Bl Team Final"]
[Site "Almaty KAZ"]
[Date "2024.08.05"]
[Round "2.1"]
[White "Maghsoodloo, Parham"]
[Black "Ju, Wenjun"]
[Result "1-0"]
[WhiteTitle "GM"]
[BlackTitle "GM"]
[WhiteElo "2723"]
[BlackElo "2563"]
[WhiteTeam "Al-Ain ACMG UAE"]
[BlackTeam "Decade China Team"]
[WhiteFideId "12539929"]
[BlackFideId "8603006"]
[EventDate "2024.08.05"]

1. d4 Nf6 2. c4 e6 3. Nc3 Bb4 4. e3 O-O 5. Ne2 d5 6. a3 Be7 7. cxd5 exd5 8. Nf4
Re8 9. Bd3 c6 10. O-O Na6 11. f3 Nc7 12. Bc2 c5 13. Nce2 Ne6 14. Nxe6 Bxe6 15.
dxc5 Bxc5 16. b4 Bb6 17. Nd4 Rc8 18. Bb2 a6 19. Re1 Qd6 20. Qd2 Bc7 21. f4 Bb6
22. h3 Ne4 23. Bxe4 dxe4 24. Qf2 f6 25. Rad1 Qe7 26. Rd2 Red8 27. Red1 Qf7 28.
Qg3 Bxd4 29. Rxd4 Rxd4 30. Bxd4 Bb3 31. Rd2 Rc2 32. Rxc2 Bxc2 33. f5 h6 34. Kh2
Kh7 35. Qd6 Bd3 36. a4 Qa2 37. Qg3 Qxa4 38. Bxf6 gxf6 39. Qg6+ Kh8 40. Qxh6+ Kg8
41. Qg6+ Kf8 42. Qxf6+ Kg8 43. Qe6+ Kf8 44. Qf6+ Kg8 45. Qe7 Qc6 46. f6 1-0

[Event "FIDE World Bl Team Final"]
[Site "Almaty KAZ"]
[Date "2024.08.05"]
[Round "2.1"]
[White "Xu, Xiangyu"]
[Black "Lagno, Kateryna"]
[Result "1-0"]
[WhiteTitle "GM"]
[BlackTitle "GM"]
[WhiteElo "2628"]
[BlackElo "2532"]
[WhiteTeam "Decade China Team"]
[BlackTeam "Al-Ain ACMG UAE"]
[WhiteFideId "8608288"]
[BlackFideId "14109336"]
[EventDate "2024.08.05"]

1. d4 Nf6 2. Bf4 d5 3. e3 Bf5 4. Bd3 Bg6 5. c4 e6 6. Nc3 dxc4 7. Bxc4 Bd6 8. Bg5
Nbd7 9. Nf3 O-O 10. O-O Be7 11. Rc1 Nb6 12. Bb3 Ne4 13. Bxe7 Qxe7 14. Ne5 Nxc3
15. Rxc3 Be4 16. Qg4 Bd5 17. Bc2 f6 18. Nd3 f5 19. Qg3 c6 20. Nc5 Nc8 21. f3 b6
22. Nd3 Nd6 23. a4 Nf7 24. Re1 c5 25. dxc5 bxc5 26. e4 fxe4 27. fxe4 Bb7 28.
Nxc5 Rac8 29. b4 Ba8 30. Bb3 Nd8 31. Qe5 Kh8 32. Rh3 Qf7 33. Rf3 Qe7 34. Rxf8+
Qxf8 35. Rf1 Qe7 36. Qf4 Nc6 37. Nxe6 Nxb4 38. Ng5 h6 39. Nf7+ Kh7 40. Qf5+ g6
41. Qxc8 1-0

[Event "FIDE World Bl Team Final"]
[Site "Almaty KAZ"]
[Date "2024.08.05"]
[Round "2.1"]
[White "Grischuk, Alexander"]
[Black "Rapport, Richard"]
[Result "1-0"]
[WhiteTitle "GM"]
[BlackTitle "GM"]
[WhiteElo "2708"]
[BlackElo "2715"]
[WhiteTeam "Kazchess"]
[BlackTeam "Chessy"]
[WhiteFideId "4126025"]
[BlackFideId "738590"]
[EventDate "2024.08.05"]

1. d4 d5 2. c4 Nc6 3. Nf3 Bg4 4. Nc3 e6 5. cxd5 exd5 6. Bf4 Bd6 7. Bg3 Nf6 8. e3
Ne7 9. Bd3 c6 10. Qc2 Bxf3 11. gxf3 Qd7 12. O-O-O O-O-O 13. Kb1 Kb8 14. Na4 Qc7
15. Rc1 Nc8 16. Nc5 Bxg3 17. hxg3 Nd6 18. e4 dxe4 19. fxe4 Nd7 20. Nb3 f6 21. f4
Nb6 22. e5 Ndc8 23. Rxh7 Rxh7 24. Bxh7 g5 25. Be4 gxf4 26. gxf4 Rf8 27. Nc5 Qe7
28. Qb3 fxe5 29. fxe5 Rd8 30. Rd1 Nd5 31. a3 Ncb6 32. Qg3 Nc7 33. Qf3 Nbd5 34.
Rh1 b6 35. Rh7 Qg5 36. Bxd5 bxc5 37. Qf7 Rc8 38. Bxc6 Qg1+ 39. Ka2 Qg8 40. Qxg8
Rxg8 41. d5 c4 42. d6 Ne6 43. Bd5 1-0

[Event "FIDE World Bl Team Final"]
[Site "Almaty KAZ"]
[Date "2024.08.05"]
[Round "2.1"]
[White "Sarana, Alexey"]
[Black "Svidler, Peter"]
[Result "1/2-1/2"]
[WhiteTitle "GM"]
[BlackTitle "GM"]
[WhiteElo "2717"]
[BlackElo "2698"]
[WhiteTeam "Chessy"]
[BlackTeam "Kazchess"]
[WhiteFideId "24133795"]
[BlackFideId "4102142"]
[EventDate "2024.08.05"]

1. d4 Nf6 2. c4 g6 3. Nc3 d5 4. Bg5 Ne4 5. Bh4 Nxc3 6. bxc3 dxc4 7. e3 Be6 8.
Nf3 Bg7 9. Qb1 Qd5 10. Nd2 Nd7 11. a4 Qa5 12. Qb4 Qxb4 13. cxb4 a5 14. bxa5 Rxa5
15. Bxc4 Nb6 16. Bxe6 fxe6 17. Ke2 Rxa4 18. Rhb1 Rxa1 19. Rxa1 e5 20. Ra7 exd4
21. Rxb7 Kd7 22. Bg3 Nd5 23. exd4 Bxd4 24. Rb3 c5 25. Ra3 Kc6 26. Nf3 Bf6 27.
Ne5+ Kb5 28. Ra7 Bxe5 29. Bxe5 Rd8 30. h4 Kc4 31. g4 h5 32. gxh5 gxh5 33. Ra6
Rf8 34. f3 Rf5 35. Bg3 Nb4 36. Rh6 Kd5 37. Rh8 Nc6 38. Ke3 Nd4 39. f4 Kc4 40.
Ke4 Rd5 41. Bf2 Nf5 42. Rh7 e6 43. Rh8 Rd2 44. Kf3 Nd4+ 45. Bxd4 cxd4 46. Rxh5
d3 47. Re5 Rh2 48. Rxe6 d2 49. Rd6 Kc3 50. f5 Rxh4 51. f6 Rh6 52. Ke2 Rh2+ 53.
Ke3 Rh3+ 54. Ke2 Rh2+ 55. Ke3 1/2-1/2

[Event "FIDE World Bl Team Final"]
[Site "Almaty KAZ"]
[Date "2024.08.05"]
[Round "2.1"]
[White "Mamedyarov, Shakhriyar"]
[Black "Martirosyan, Haik M."]
[Result "0-1"]
[WhiteTitle "GM"]
[BlackTitle "GM"]
[WhiteElo "2733"]
[BlackElo "2667"]
[WhiteTeam "Kazchess"]
[BlackTeam "Chessy"]
[WhiteFideId "13401319"]
[BlackFideId "13306553"]
[EventDate "2024.08.05"]

1. d4 Nf6 2. c4 e6 3. Nc3 Bb4 4. Qc2 O-O 5. a3 Bxc3+ 6. Qxc3 d5 7. Bg5 h6 8.
Bxf6 Qxf6 9. Nf3 dxc4 10. Qxc4 Nc6 11. e3 e5 12. d5 Ne7 13. Rd1 c6 14. dxc6 Nxc6
15. Be2 Bf5 16. O-O Rfd8 17. Qb5 Qe7 18. Rc1 a6 19. Qb6 Rd6 20. Qc5 Rad8 21. h3
Qf6 22. Rfd1 e4 23. Rxd6 Rxd6 24. Nd4 Nxd4 25. exd4 Rxd4 26. Bc4 b6 27. Qc7 Rd2
28. Bxa6 e3 29. fxe3 Bxh3 30. Qf4 Rxg2+ 31. Kh1 Qg6 32. Bc4 Rxb2 33. Rg1 Bg2+
34. Kh2 Bd5+ 35. Kh3 Qh5+ 0-1

[Event "FIDE World Bl Team Final"]
[Site "Almaty KAZ"]
[Date "2024.08.05"]
[Round "2.1"]
[White "Vidit, Santosh Gujrathi"]
[Black "Suleymenov, Alisher"]
[Result "1/2-1/2"]
[WhiteTitle "GM"]
[BlackTitle "GM"]
[WhiteElo "2720"]
[BlackElo "2461"]
[WhiteTeam "Chessy"]
[BlackTeam "Kazchess"]
[WhiteFideId "5029465"]
[BlackFideId "13707833"]
[EventDate "2024.08.05"]

1. d4 Nf6 2. Nf3 g6 3. c4 Bg7 4. e3 O-O 5. Be2 c5 6. d5 d6 7. Nc3 e6 8. O-O Re8
9. e4 exd5 10. exd5 Bf5 11. Nh4 Bd7 12. h3 Ne4 13. Nxe4 Rxe4 14. Nf3 Qf8 15. Bd3
Re8 16. Bf4 Na6 17. Qd2 Nb4 18. Be2 Bf5 19. Rfc1 Rxe2 20. Qxe2 Nd3 21. Qd2 Bxb2
22. Bh6 Bxc1 23. Rxc1 Qe7 24. Rc3 Ne5 25. Nxe5 dxe5 26. Rf3 f6 27. g4 Bd7 28.
Re3 g5 29. f4 gxf4 30. Bxf4 Qf7 31. Bg3 Qg6 32. Qf2 b6 33. Kh2 Rf8 34. Rf3 Rf7
35. Bh4 f5 36. gxf5 Rxf5 37. Rxf5 Qxf5 38. Qxf5 Bxf5 39. Bg3 Bd3 40. Bxe5 Bxc4
41. Bb8 a6 42. d6 Kf7 43. Bc7 Ke6 44. Bxb6 Kxd6 45. a3 Be6 46. Kg3 Kc6 47. Bd8
c4 48. Bf6 Kb5 49. h4 Ka4 50. Kf4 Kxa3 51. Ke3 Kb3 52. Kd2 a5 53. Bc3 a4 54. Be5
Bf7 55. Bf6 a3 56. Be5 a2 57. Bf6 Bg6 58. Be5 Be8 59. Bf6 Bh5 60. Be5 Bg6 61.
Bf6 Kb4 62. Bc3+ Kc5 63. Ke3 Kd5 64. Bb2 Bc2 65. Bc3 Ke6 66. Kf4 Bd1 67. Bb2 Kd5
68. Ke3 Bb3 69. Bc3 Ba4 70. Bb2 Be8 71. Bc3 Bf7 72. Bb2 Kc5 73. Bc3 Bg6 74. Bf6
Bh5 75. Bc3 Kb5 76. Bf6 Ka4 77. Kd2 Kb4 78. Bc3+ Kb3 79. Bf6 Bg6 80. Bc3 Ka4 81.
Bf6 Kb5 82. Bc3 Kc5 83. Ke3 Kd5 84. Bb2 Bc2 85. Bc3 Ke6 86. Kf4 Kf7 87. Kg5 Bd1
88. Bb2 Be2 89. Bc3 1/2-1/2

[Event "FIDE World Bl Team Final"]
[Site "Almaty KAZ"]
[Date "2024.08.05"]
[Round "2.1"]
[White "Assaubayeva, Bibisara"]
[Black "Muzychuk, Anna"]
[Result "1-0"]
[WhiteTitle "IM"]
[BlackTitle "GM"]
[WhiteElo "2470"]
[BlackElo "2525"]
[WhiteTeam "Kazchess"]
[BlackTeam "Chessy"]
[WhiteFideId "13708694"]
[BlackFideId "14111330"]
[EventDate "2024.08.05"]

1. d4 f5 2. Nc3 Nf6 3. Bg5 d5 4. Bxf6 exf6 5. e3 Be6 6. Bd3 Nc6 7. a3 Qd7 8. h3
g6 9. Nge2 Bd6 10. Qd2 a6 11. b4 Ne7 12. O-O O-O 13. Nd1 Kg7 14. a4 Nc8 15. Nb2
Qe7 16. c3 a5 17. b5 Nb6 18. Qc2 Qf7 19. Nf4 Bxf4 20. exf4 Rfe8 21. Rfe1 Bd7 22.
c4 dxc4 23. Bxc4 Qf8 24. Bb3 Qd6 25. Nc4 Qxf4 26. Nxb6 cxb6 27. Qc4 Qd6 28. Rac1
Rxe1+ 29. Rxe1 Rf8 30. Qd5 Qxd5 31. Bxd5 Rd8 32. Re7+ Kh6 33. Bxb7 f4 34. d5 Bf5
35. Bc6 Be4 36. Rxe4 1-0

[Event "FIDE World Bl Team Final"]
[Site "Almaty KAZ"]
[Date "2024.08.05"]
[Round "2.1"]
[White "Ainakul, Mukhtar"]
[Black "Kabinazar, Nurmukhammed"]
[Result "1-0"]
[WhiteElo "1935"]
[BlackElo "2002"]
[WhiteTeam "Chessy"]
[BlackTeam "Kazchess"]
[WhiteFideId "13727354"]
[BlackFideId "13750186"]
[EventDate "2024.08.05"]

1. Nf3 Nf6 2. d4 e6 3. c4 Bb4+ 4. Bd2 Bxd2+ 5. Qxd2 O-O 6. e3 d5 7. Nc3 Qe7 8.
Rc1 Rd8 9. cxd5 exd5 10. Be2 c6 11. O-O Nbd7 12. h3 Nf8 13. Ne5 Ng6 14. f4 Re8
15. Rce1 Qc7 16. Bd3 Bd7 17. Qf2 Rad8 18. Qg3 Qb6 19. f5 Nxe5 20. dxe5 Qc7 21.
Qh4 Qxe5 22. Kh1 c5 23. e4 d4 24. Nd5 Nxd5 25. exd5 Qf6 26. Qg3 Rc8 27. d6 c4
28. Rxe8+ Rxe8 29. Bxc4 Bc6 30. Rd1 b5 31. Bd3 h5 32. Qf4 h4 33. Qf2 Qxd6 34.
Qxh4 Qf6 35. Qxf6 gxf6 36. Kg1 Re3 37. Kf2 Re5 38. Re1 Kg7 39. g3 a5 40. Rc1 Bd7
41. g4 Re3 42. Bf1 Re5 43. Rc7 Be8 44. Bd3 Re3 45. Bf1 Re5 46. Ra7 b4 47. a3 Rc5
48. axb4 axb4 49. b3 Rc2+ 50. Kg1 Bc6 51. Bc4 Be8 52. Re7 Kf8 53. Re4 Rd2 54.
Kf1 Bc6 55. Re2 Rd1+ 56. Re1 Rd2 57. Re2 Rd1+ 58. Kf2 Rh1 59. Kg3 Rg1+ 60. Kf4
Rf1+ 61. Kg3 Rf3+ 62. Kh2 Rc3 63. Rd2 Be4 64. Rxd4 Bc2 65. Rd7 Bxb3 66. Rxf7+
Kg8 67. Bxb3 Rxb3 68. Rxf6 Rb2+ 69. Kg3 Kg7 70. Rb6 b3 71. Kh4 Kh7 72. Kg5 Rb1
73. Rb7+ Kg8 74. Kg6 1-0